[Event "Winnipeg March TNT"]
[Site "Winnipeg"]
[Date "2015.10.03"]
[Round "2.5"]
[White "Avena, Danny"]
[Black "Roy, Rayan"]
[Result "1-0"]
[WhiteElo "1744"]
[BlackElo "1546"]
[PlyCount "85"]
[EventDate "2015.03.03"]
[EventType "swiss"]
[EventRounds "5"]
[EventCountry "CAN"]
[SourceTitle "EXT 2019"]
[Source "ChessBase"]
[SourceDate "2018.10.10"]
[SourceVersion "1"]
[SourceVersionDate "2018.10.10"]
[SourceQuality "1"]

1. d4 Nf6 2. c4 e6 3. Nc3 Bb4 4. Bd2 Bxc3 5. Bxc3 Ne4 6. Bb4 Nc6 7. Ba3 b6 8. Nf3 Na5 9. Rc1 c5 10. e3 Qc7 11. Bd3 Nf6 12. b4 cxb4 13. Bxb4 Nc6 14. Ba3 d6 15. 0-0 0-0 16. d5 Ne7 17. e4 Qd8 18. e5 dxe5 19. Nxe5 exd5 20. cxd5 Nfxd5 21. Nc6 Qe8 22. Bb5 Kh8 23. Nxe7 Qxb5 24. Qxd5 Qxd5 25. Nxd5 Rd8 26. Rfe1 Be6 27. Nc7 Rac8 28. Nxe6 Rxc1 29. Rxc1 fxe6 30. Be7 Re8 31. Rc7 a5 32. f4 h6 33. Kf2 Kh7 34. Ke3 Kg6 35. Ke4 Rb8 36. Ke5 b5 37. Rc5 Kf7 38. Bd6 Rb7 39. Rc7+ Rxc7 40. Bxc7 a4 41. Kd4 Ke7 42. Kc5 Kd7 43. Be5 1-0

[Event "Winnipeg March TNT"]
[Site "Winnipeg"]
[Date "2015.03.24"]
[Round "4.5"]
[White "Roy, Rayan"]
[Black "Jenkins, Mark"]
[Result "1-0"]
[WhiteElo "1546"]
[BlackElo "1480"]
[PlyCount "111"]
[EventDate "2015.03.03"]
[EventType "swiss"]
[EventRounds "5"]
[EventCountry "CAN"]
[SourceTitle "EXT 2019"]
[Source "ChessBase"]
[SourceDate "2018.10.10"]
[SourceVersion "1"]
[SourceVersionDate "2018.10.10"]
[SourceQuality "1"]

1. e4 c6 2. d4 d5 3. Nc3 dxe4 4. Nxe4 Bf5 5. Ng3 Bg6 6. Nf3 Nd7 7. h4 h6 8. h5 Bh7 9. Bd3 Bxd3 10. Qxd3 Ngf6 11. Bd2 e6 12. 0-0-0 c5 13. Bc3 Rc8 14. Rhe1 cxd4 15. Bxd4 Be7 16. Kb1 0-0 17. Qe2 Qc7 18. Rc1 b6 19. Ne5 Rfd8 20. Ng4 Qf4 21. Nxf6+ Bxf6 22. Bxf6 Nxf6 23. Qe3 Qxe3 24. Rxe3 Rd2 25. Re2 Rcd8 26. Rxd2 Rxd2 27. Rf1 Ng4 28. Ne4 Re2 29. Nc3 Rxf2 30. Rxf2 Nxf2 31. Nb5 a6 32. Nc3 f5 33. Kc1 Kf7 34. Kd2 g6 35. Ke3 Ng4+ 36. Kf3 gxh5 37. Ne2 h4 38. Nf4 Kf6 39. c4 Ne5+ 40. Ke3 Nxc4+ 41. Kd3 e5 42. Nd5+ Kg5 43. Kxc4 b5+ 44. Kd3 Kg4 45. Ke2 Kg3 46. Kf1 h5 47. Nf6 e4 48. Nxh5+ Kg4 49. Nf6+ Kg3 50. Nd5 f4 51. Nc3 e3 52. Ne2+ Kg4 53. Kg1 f3 54. gxf3+ Kxf3 55. Nd4+ Kg4 56. Ne2 1-0

[Event "Winnipeg February TNT"]
[Site "Winnipeg"]
[Date "2015.02.24"]
[Round "4.4"]
[White "Roy, Rayan"]
[Black "Campbell, Jamie"]
[Result "0-1"]
[WhiteElo "1537"]
[BlackElo "1804"]
[PlyCount "77"]
[EventDate "2015.02.03"]
[EventType "swiss"]
[EventRounds "4"]
[EventCountry "CAN"]
[SourceTitle "EXT 2019"]
[Source "ChessBase"]
[SourceDate "2018.10.10"]
[SourceVersion "1"]
[SourceVersionDate "2018.10.10"]
[SourceQuality "1"]

1. e4 d6 2. d4 Nf6 3. Nc3 g6 4. Nf3 Bg7 5. Bc4 0-0 6. 0-0 Nxe4 7. Bxf7+ Rxf7 8. Nxe4 h6 9. h3 Qf8 10. Nh2 Nc6 11. Be3 e5 12. c3 exd4 13. cxd4 b6 14. Qd2 Bb7 15. Ng4 Kh7 16. f3 Re8 17. Rae1 Ne7 18. Bf2 Ba6 19. Bh4 Bxf1 20. Rxf1 Nf5 21. Bf2 Qh8 22. Rd1 Rfe7 23. Nc3 h5 24. Nh2 Ne3 25. Bxe3 Rxe3 26. Nf1 Bh6 27. Qc2 Re1 28. Rxe1 Rxe1 29. Kf2 Re7 30. Qd3 Bg7 31. Ne2 c5 32. dxc5 dxc5 33. b3 Qe8 34. Nfg3 Rd7 35. Qe4 Qxe4 36. fxe4 Rd2 37. a3 Rb2 38. b4 cxb4 39. axb4 0-1

[Event "Winnipeg TNT September op"]
[Site "Winnipeg"]
[Date "2014.09.30"]
[Round "4.4"]
[White "Roy, Rayan"]
[Black "Kernetsky, Myron"]
[Result "1-0"]
[WhiteElo "1543"]
[BlackElo "2028"]
[PlyCount "47"]
[EventDate "2014.09.09"]
[EventType "swiss"]
[EventRounds "4"]
[EventCountry "CAN"]
[SourceTitle "EXT 2022"]
[Source "ChessBase"]
[SourceDate "2021.10.06"]
[SourceVersion "1"]
[SourceVersionDate "2021.10.06"]
[SourceQuality "1"]

1. e4 e6 2. Nf3 d5 3. exd5 exd5 4. d4 Bd6 5. Nc3 c6 6. Be2 Ne7 7. 0-0 Bf5 8. Re1 Nd7 9. a3 h6 10. b4 0-0 11. b5 Rc8 12. Bd2 Re8 13. Qc1 Qc7 14. g3 c5 15. dxc5 Qxc5 16. Bd3 Bg4 17. Nh4 Ne5 18. Na4 Qd4 19. Bc3 Rxc3 20. Nxc3 Qxc3 21. Re3 Qd4 22. Ra2 Rc8 23. Qd2 g5 24. Bh7+ 1-0

[Event "Winnipeg TNT September op"]
[Site "Winnipeg"]
[Date "2014.09.09"]
[Round "1.4"]
[White "Roy, Rayan"]
[Black "Bince, Rolando"]
[Result "0-1"]
[WhiteElo "1543"]
[BlackElo "2000"]
[PlyCount "66"]
[EventDate "2014.09.09"]
[EventType "swiss"]
[EventRounds "4"]
[EventCountry "CAN"]
[SourceTitle "EXT 2022"]
[Source "ChessBase"]
[SourceDate "2021.10.06"]
[SourceVersion "1"]
[SourceVersionDate "2021.10.06"]
[SourceQuality "1"]

1. e4 c5 2. Nf3 e6 3. d4 cxd4 4. Nxd4 a6 5. Nc3 d6 6. Bd3 Nf6 7. 0-0 Nbd7 8. Kh1 Be7 9. Be3 Qc7 10. a4 b6 11. Qe2 Bb7 12. f3 Ne5 13. f4 Nxd3 14. cxd3 0-0 15. Rac1 Qd8 16. g4 Nd7 17. b4 Rc8 18. Rc2 d5 19. Bd2 Bxb4 20. Kg1 Bxc3 21. Rxc3 Rxc3 22. Bxc3 dxe4 23. Bb4 exd3 24. Qxd3 Nc5 25. Qd1 Qd5 26. Rf3 Rd8 27. Bc3 Qxf3 28. Qxf3 Bxf3 29. Nxf3 Rd3 30. Bxg7 Rxf3 31. Be5 Nxa4 32. Kg2 Rd3 33. g5 b5 0-1

[Event "Winnipeg op"]
[Site "Winnipeg"]
[Date "2014.06.03"]
[Round "1"]
[White "Wolchock, Theo"]
[Black "Roy, Rayan"]
[Result "1-0"]
[WhiteElo "1939"]
[BlackElo "1463"]
[PlyCount "47"]
[EventDate "2014.06.03"]
[EventType "swiss"]
[EventRounds "8"]
[EventCountry "CAN"]
[SourceTitle "EXT 2019"]
[Source "ChessBase"]
[SourceDate "2018.10.10"]
[SourceVersion "1"]
[SourceVersionDate "2018.10.10"]
[SourceQuality "1"]

1. c4 c5 2. g3 e6 3. Bg2 Nf6 4. Nc3 Be7 5. Nf3 0-0 6. 0-0 d5 7. cxd5 exd5 8. d4 Nc6 9. e3 Re8 10. dxc5 Bxc5 11. Nd4 Rb8 12. Nb3 Bf8 13. Nxd5 Nxd5 14. Bxd5 Qc7 15. Qc2 a6 16. Bd2 Bd6 17. Rfd1 Bd7 18. Rac1 Rbc8 19. Qd3 Qb6 20. Bxf7+ Kxf7 21. Qxd6 Red8 22. Ba5 Nxa5 23. Qxb6 Rxc1 24. Nxc1 1-0

[Event "Winnipeg TNT October op"]
[Site "Winnipeg"]
[Date "2013.10.29"]
[Round "5.5"]
[White "Wasserman, Arie"]
[Black "Roy, Rayan"]
[Result "1-0"]
[WhiteElo "1690"]
[BlackElo "1512"]
[PlyCount "81"]
[EventDate "2013.10.01"]
[EventType "swiss"]
[EventRounds "5"]
[EventCountry "CAN"]
[SourceTitle "EXT 2022"]
[Source "ChessBase"]
[SourceDate "2021.10.06"]
[SourceVersion "1"]
[SourceVersionDate "2021.10.06"]
[SourceQuality "1"]

1. e4 c5 2. Nf3 Nc6 3. Bc4 e6 4. Nc3 Nf6 5. d3 g6 6. Bg5 Bg7 7. Qd2 0-0 8. Bh6 Bxh6 9. Qxh6 Re8 10. h3 Nb4 11. 0-0-0 d5 12. exd5 exd5 13. Bb3 d4 14. Ne2 Rxe2 15. Ng5 Be6 16. Nxe6 fxe6 17. Rde1 Rxc2+ 18. Bxc2 Nxc2 19. Kxc2 Qd7 20. g4 Kh8 21. Qf4 Nd5 22. Qe5+ Kg8 23. Qxe6+ Qxe6 24. Rxe6 Nf4 25. Re7 b5 26. h4 a5 27. Rhe1 Rc8 28. Rb7 c4 29. dxc4 Rxc4+ 30. Kd2 Rc8 31. Re4 Rf8 32. Ree7 Ne6 33. Rxe6 Rxf2+ 34. Kd3 Rf4 35. Re8+ Rf8 36. Rxf8+ Kxf8 37. Rxh7 Kg8 38. Rb7 b4 39. Kxd4 a4 40. Ke5 Kf8 41. h5 1-0